Journal of education for library and information science
| Previous Title: | Journal of education for librarianship |
|---|---|
| Corporate Author: | |
| Format: | Electronic Journal |
| Language: | English |
| Published: |
State College, Pa. :
Association for Library and Information Science Education,
1984-
Chicago, IL : Association for Library and Information Science Education Seattle, WA : |
| Subjects: | |
| Online Access: | Full text available from Research Library: 01/01/2006 to present |
MARC
| LEADER | 00000nas a2200000 a 4500 | ||
|---|---|---|---|
| 001 | ssj0025288 | ||
| 003 | WaSeSS | ||
| 005 | 20200512172242.0 | ||
| 006 | m d | ||
| 007 | cr n | ||
| 008 | 050614c19849999wauqx p s o 0 a0eng c | ||
| 010 | |a 2010234975 | ||
| 016 | 7 | |a 2068642-0 |2 DE-600 | |
| 016 | 7 | |a 9880921 |2 DNLM | |
| 016 | 7 | |a SR0052191 |2 DNLM | |
| 016 | 7 | |a 011234814 |2 Uk | |
| 016 | 7 | |a 9880921 |2 dnlm | |
| 016 | 7 | |a SR0052191 |2 dnlm | |
| 022 | |a 2328-2967 |y 0748-5786 | ||
| 035 | |a (WaSeSS)ssj0025288 | ||
| 040 | |a OCLCS |b eng |c OCLCS |d TXJ |d GAO |d EYM |d HUL |d QE2 |d HEBIS |d NLGGC |d OCLCE |d UKMGB |d OCLCQ |d DLC |d COD |d OCLCF |d AUD |d CLU |d DLC |d OCLCQ |d GILDS |d OCLCO |d AU@ |d WaSeSS | ||
| 042 | |a pcc |a nsdp | ||
| 050 | 1 | 4 | |a Z668 |b .J68 |
| 082 | 0 | 0 | |a 020/.5 |2 23 |
| 210 | 0 | |a J. educ. libr. inf. sci. |b (Online) | |
| 222 | 0 | |a Journal of education for library and information science |b (Online) | |
| 245 | 0 | 0 | |a Journal of education for library and information science |h [electronic resource] / |c ALISE, Association for Library and Information Science Education. |
| 246 | 3 | |a Journal of education for library & information science | |
| 246 | 1 | |a JELIS |f <October 2014-> | |
| 260 | |3 1984- : |a State College, Pa. : |b Association for Library and Information Science Education, |c 1984- | ||
| 260 | 2 | |3 <July 2013-> : |a Chicago, IL : |b Association for Library and Information Science Education | |
| 260 | 3 | |3 <October 2014-> : |a Seattle, WA : |b Association for Library and Information Science Education | |
| 310 | |a 4 times a year, |b spring 1994- | ||
| 321 | |a Five no. a year, |b 1984/85-1993/94 | ||
| 362 | 1 | |a Began with vol. 25, no. 1 (summer 1984). | |
| 500 | |a Place of publication varies. | ||
| 506 | |a License restrictions may limit access. | ||
| 515 | |a Vols. for 1984/85-1993/94 issued as no. 1-4 plus directory issue. | ||
| 588 | |a Description based on: Vol. 25, no. 1 (summer 1984); title from cover (JSTOR, viewed May 26, 2010). | ||
| 588 | |a Latest issue consulted: Vol. 55, issue 4 (Oct 2014) (EBSCOHost, viewed December 2, 2014). | ||
| 650 | 0 | |a Library education |v Periodicals. | |
| 650 | 0 | |a Information science |x Study and teaching |v Periodicals. | |
| 650 | 7 | |a Information science |x Study and teaching. |2 fast |0 (OCoLC)fst00972670 | |
| 650 | 7 | |a Library education. |2 fast |0 (OCoLC)fst00997713 | |
| 650 | 1 | 7 | |a Bibliotheekwetenschap. |2 gtt |
| 650 | 1 | 7 | |a Informatiewetenschap. |2 gtt |
| 650 | 1 | 7 | |a Onderwijs. |2 gtt |
| 655 | 0 | |a Electronic journals. | |
| 710 | 2 | |a Association for Library and Information Science Education. | |
| 776 | 0 | 8 | |i Print version, 1984-2014: |t Journal of education for library and information science |x 0748-5786 |w (DLC) 85645963 |w (OCoLC)10967687 |
| 780 | 0 | 0 | |t Journal of education for librarianship |x 2328-3009 |w (DLC) 2010234976 |w (OCoLC)567953058 |
| 856 | 4 | 0 | |z Full text available from Research Library: 01/01/2006 to present |u https://search.proquest.com/publication/34491 |